banner-ar

نقد الحداثة / (Record no. 52174)

MARC details
000 -الفاتح
حقل البيانات ثابتة الطول 00549nam a2200193Ia 4500
008 - عناصر البيانات ثابتة الطول - معلومات عامة
حقل البيانات ثابتة الطول 140319s9999 xx 000 0 ara d
040 ## - مصدر الفهرسة
وكالة الفهرسة الأصلية GCL /
وكالة النسخ GCL
082 04 - رقم تصنيف ديوى العشرى
رقم التصنيف 194
رقم المادة ت ن
100 1# - المدخل الرئيسى - إسم شخصى
الإسم الشخصى تورين، الان
245 10 - بيان العنوان
العنوان نقد الحداثة /
بيان المسئوليه,etc تورين، الان
700 1# - المدخل الاضافى - اسم شخصى
الإسم الشخصى انور مغبث
300 ## - الوصف المادى
التعداد 493 ص
490 ## - بيان السلسلة
عنوان السلسلة المشروع القومى للترجمة
رقم المجلد/ التعيين التسلسلي 0
650 04 - المدخل الاضافى بالموضوع-مصطلح موضوعى
مصطلح موضوعي الفلسفة
650 04 - المدخل الاضافى بالموضوع-مصطلح موضوعى
مصطلح موضوعي النقدية ( فلسفة )
650 04 - المدخل الاضافى بالموضوع-مصطلح موضوعى
مصطلح موضوعي الفلسفة الفرنسية
942 ## - عناصر المدخل الإضافي( كوها)
مصدر التصنيف او مخطط الترفيف Dewey Decimal Classification
Koha [default] item type كتاب
Holdings
حالة التراجع حالة الفقد حالة تلف ليس للاعارة المكان المؤقت الموقع الحالى تاريخ الاكتساب اجمالي اﻻعارات رقم الطلب الباركود تاريخ اخر مشاهدة تاريخ تفعيل السعر نوع وعاء كوها
        مكتبة القاهرة الكبرى مكتبة القاهرة الكبرى 03/26/2014   194\ت ن 124890 03/26/2014 03/26/2014 كتاب
        مكتبة القاهرة الكبرى مكتبة القاهرة الكبرى 03/26/2014   194\ت ن 124891 03/26/2014 03/26/2014 كتاب

Powered By

EGPV